Life saving appliances rules (1982/1991): amendment rule 1992 included (Record no. 2641)
[ view plain ]
| 000 -LEADER | |
|---|---|
| fixed length control field | 00472nam a2200157Ia 4500 |
| 008 - FIXED-LENGTH DATA ELEMENTS--GENERAL INFORMATION | |
| fixed length control field | 200103s 1997 ||||xx |||||||||||||| ||und|| |
| 082 ## - DEWEY DECIMAL CLASSIFICATION NUMBER | |
| Classification number | 623.865 |
| Item number | BHA |
| 110 ## - MAIN ENTRY--CORPORATE NAME | |
| Corporate name or jurisdiction name as entry element | Bhandarkar Publications |
| 245 #0 - TITLE STATEMENT | |
| Title | Life saving appliances rules (1982/1991): amendment rule 1992 included |
| 260 ## - PUBLICATION, DISTRIBUTION, ETC. (IMPRINT) | |
| Name of publisher, distributor, etc | Bhandarkar Publications |
| Date of publication, distribution, etc | 1997 |
| Place of publication, distribution, etc | Mumbai |
| 300 ## - PHYSICAL DESCRIPTION | |
| Extent | iv, 172 p. |
| 650 ## - SUBJECT ADDED ENTRY--TOPICAL TERM | |
| Topical term or geographic name as entry element | Classification of ships |
| 650 ## - SUBJECT ADDED ENTRY--TOPICAL TERM | |
| Topical term or geographic name as entry element | Ships of class |
| 650 ## - SUBJECT ADDED ENTRY--TOPICAL TERM | |
| Topical term or geographic name as entry element | Master rules |
| 942 ## - ADDED ENTRY ELEMENTS (KOHA) | |
| Item type | Books |
| Withdrawn status | Lost status | Source of classification or shelving scheme | Damaged status | Not for loan | Collection code | Permanent location | Current location | Shelving location | Date acquired | Full call number | Barcode | Date last seen | Koha item type | Public note |
|---|---|---|---|---|---|---|---|---|---|---|---|---|---|---|
| Non-fiction | IMU-MPC Library | IMU-MPC Library | General Stacks | 2020-01-08 | 623.865 BHA | LBS12278 | 2025-03-17 | Books | Column - 1 | |||||
| Non-fiction | IMU-MPC Library | IMU-MPC Library | General Stacks | 2020-01-08 | 623.865 BHA | LBS12276 | 2025-03-17 | Books | Column - 1 | |||||
| Non-fiction | IMU-MPC Library | IMU-MPC Library | General Stacks | 2020-01-08 | 623.865 BHA | LBS12281 | 2025-03-17 | Books | Column - 1 | |||||
| Non-fiction | IMU-MPC Library | IMU-MPC Library | General Stacks | 2020-01-08 | 623.865 BHA | LBS12280 | 2025-03-17 | Books | Column - 1 | |||||
| Non-fiction | IMU-MPC Library | IMU-MPC Library | General Stacks | 2020-01-08 | 623.865 BHA | LBS12279 | 2025-03-17 | Books | Column - 1 | |||||
| Non-fiction | IMU-MPC Library | IMU-MPC Library | General Stacks | 2020-01-08 | 623.865 BHA | LBS12277 | 2025-03-17 | Books | Column - 1 |


